Vnútropodnikové riadenie

Bibliographic Details
Main Author: Sedlák, Mikuláš, 1928-2015 (Author)
Format: Book
Language:Slovak
PhysicalDescription:152 s. fotogr., sch. 29 cm
Published: Bratislava Vysoká škola ekonomická 1981
Edition:1. vyd.
Series:Vysokoškolské skriptá
Subjects:

MARC

LEADER 00000cam a2200000 a 4500
001 vtls001102610
003 SK-MaSNL
005 20260302020158.0
008 250313s1981 xo ao e n 000 0 slo
015 |a SNBA1981/08 
035 |a SNK000045452 
035 |a urn:nbn:sk:snk-aml90f 
035 |a urn:nbn:sk:snk-am008s0t 
035 |a B079FD15-A059-46E4-9ABE-B9A9177EB5AC 
040 |a SNK  |b slo  |c SNK  |e AACR2 
041 0 |a slo 
044 |a xo  |c SK 
080 |a 65.01(075.8)  |2 1981 
100 1 |a Sedlák, Mikuláš,  |d 1928-2015  |4 aut  |9 210294 
245 1 0 |a Vnútropodnikové riadenie  |c Mikuláš Sedlák a kol. 
250 |a 1. vyd. 
260 |a Bratislava  |b Vysoká škola ekonomická  |c 1981 
300 |a 152 s.  |b fotogr., sch.  |c 29 cm 
366 |e 400 výt. 
490 1 |a Vysokoškolské skriptá 
504 |a Bibliogr. 
650 0 7 |a podnikový manažment  |2 SNKPH  |9 3483 
655 7 |a učebnice vysokých škôl  |2 SNKPH  |9 70191 
810 2 |a Vysoká škola ekonomická v Bratislave  |t Vysokoškolské skriptá  |9 222320 
830 0 |a Vysokoškolské skriptá  |9 276440 
852 |a Slovenská národná knižnica 
958 |a OND 
958 |a NB 
958 |a RM 
958 |a UV 
999 |c 1024102  |d 1026032 
952 |a SNK  |b SNK  |y PREZ  |7 0  |p 17A0991745  |o snkSB 32194  |i snkKSP 6884/81  |0 0  |1 0  |4 0  |d 2014-12-09  |f 1  |l 0  |r 2025-04-04 00:00:00  |w 2026-02-24 
952 |a SNK  |b SNK  |y VYP  |7 0  |o snkSB 32194 D1  |i snkKSP 6885/81  |0 0  |1 0  |4 0  |d 2014-12-09  |l 0  |r 2026-02-24 13:33:56  |w 2026-02-24